Aespa songs - Statistics

General Stats
  • This quiz has been taken 23 times
  • The average score is 34 of 55
Answer Stats
Albums Answer % Correct
Armageddon Armageddon
100%
Drama Drama
100%
Girls Girls
100%
Savage Savage
100%
Solo UP
100%
Whiplash Whiplash
100%
Hot Mess Hot Mess
89%
MY WORLD Spicy
89%
Armageddon Supernova
89%
Drama Better Things
79%
Single Black Mamba
79%
Single Dreams Come True
74%
Whiplash Pink Hoodie
74%
MY WORLD Salty & Sweet
74%
Armageddon BAHAMA
68%
Solo Bored!
68%
Whiplash Flowers
68%
Savage aenergy
63%
Solo Dopamine
63%
Drama Hot Air Balloon
63%
Girls Illusion
63%
MY WORLD I’m Unhappy
63%
Girls Life’s Too Short
63%
Single Next Level
63%
Solo Spark
63%
Drama Trick or Trick
63%
MY WORLD Welcome To MY World
63%
Armageddon Mine
58%
Hot Mess Sun and Moon
58%
MY WORLD Thirsty
58%
Drama YOLO
58%
Whiplash Flights, Not Feelings
53%
Girls ICU
53%
Savage I’ll Make You Cry
53%
Whiplash Just Another Girl
53%
Whiplash Kill it
53%
Armageddon Licorice
53%
Girls Lingo
53%
Armageddon Live My Life
53%
Armageddon Long Chat (#❤️)
53%
Savage Lucid Dream
53%
Hot Mess ZOOM ZOOM
53%
Single Forever
47%
Armageddon Melody
47%
Armageddon Prologue
47%
Armageddon Set The Tone
47%
MY WORLD ’Til We Meet Again
47%
Drama Don’t Blink
42%
Single Hold On Tight
42%
Savage ICONIC
42%
Drama You
42%
Single Beautiful Christmas
32%
Single Die Trying
32%
Single Jingle Bell Rock
32%
Savage YEPPI YEPPI
32%
No matching quizzes found
Score Distribution
Percent of People with Each Score
Percentile by Number Answered
Your Score History
You have not taken this quiz